| 000 | 01993cam a2200385 4500500 | ||
|---|---|---|---|
| 005 | 20260301001834.0 | ||
| 041 | _afre | ||
| 042 | _adc | ||
| 100 | 1 | 0 |
_aBillard, Bénédicte _eauthor |
| 245 | 0 | 0 | _aTout sur ma mère |
| 260 | _c2026. | ||
| 500 | _a17 | ||
| 520 | _aCe récit est l’histoire d’une « mauvaise fille ». Celle dont on ne parle que très peu mais dont la courte existence dessine durablement les relations d’une famille. D’une quête personnelle qui amène l’autrice à s’intéresser au destin de sa mère puis de sa grand-mère qu’elle n’a pas connu. Et finalement de recherches archivistiques qui s’avèreront contenir des réponses salvatrices pour cette lignée de femmes, filles et mères. | ||
| 520 | _aThis is the hidden story of a “bad girl”. Simone. A woman who was rarely spoken of, but whose short existence had a lasting impact on her descendants and their family relationships. But more than her story, this article also tells the personal quest that led its author to look into the secret child placement of her own mother, discovering at the same time the destiny of her grandmother, whom she never knew. A plunge into the archives that turns out to provide the saving answers for a lineage of women, daughters and mothers. | ||
| 690 | _aannées 1950 | ||
| 690 | _aarchives | ||
| 690 | _aAssistance à l’enfance | ||
| 690 | _aAssistance publique | ||
| 690 | _afamille | ||
| 690 | _amauvaises filles | ||
| 690 | _aplacement | ||
| 690 | _aquête d’origines | ||
| 690 | _asecret | ||
| 690 | _a1950’s | ||
| 690 | _aarchives | ||
| 690 | _aAssistance publique | ||
| 690 | _abads girls | ||
| 690 | _aChild assistance | ||
| 690 | _achild care | ||
| 690 | _afamily | ||
| 690 | _asearch for origins | ||
| 690 | _asecret | ||
| 786 | 0 | _nL'irrégulière | 27 | 1 | 2026-02-16 | p. 53-67 | 1962-9419 | |
| 856 | 4 | 1 | _uhttps://shs.cairn.info/revue-l-irreguliere-2025-1-page-53?lang=fr&redirect-ssocas=7080 |
| 999 |
_c1674555 _d1674555 |
||